00776nam a2200217 i 4500001000700000003000900007005001700016007000300033008004100036080001500077100003400092245007800126250002200204260003400226300002500260650004000285700002800325852006400353999001900417952012200436106837ES-MaACL20230906184302.0t|070104s1963 xxk ||||1| eng d a811.124'361 aGildersleeve, Basil L.95692810aGildersleeve's Latin grammar / cby B.L. Gildersleeve ang Gonzalez Lodge. a3rd. ed. and enl. aLondon : bMacMillan, c1963. aX, 546 p. ; c19 cm. 4aLengua latina-xGramática.9143001 aLodge, Gonzalez.973070 aES-MaACLjE-11468 z- Biblioteca Jacinto Martínez Lacalle c106837d106837 00104070aATENEOMbATENEOMcDEPO2d2008-01-17eSCl0oE-11468p1111518r2023-02-23 00:00:00w2023-02-23yMONOGRAFIA